000 00856nam a2200205 i 4500
001 160118
003 ES-MaACL
005 20230906211936.0
008 990201s1855 sp |||| | spa d
040 _aCCPB | B
_bspa
_cCCPB | B
080 _a811.134.2'373.42
100 1 _aMora, José Joaquín de (
_d1783-1864)
_982860
245 1 0 _aColección de sinónimos de la lengua castellana /
_cpor José Joaquín de Mora ; publícase de órden de la propia Academia.
260 _aMadrid :
_bImprenta Nacional,
_c1855.
300 _aXV, 168 p. ;
_c20 cm.
530 _aDisponible también en sito web.
650 4 _aLengua española-
_xSinónimos y antónimos.
_9151682
852 _aES-MaACL
_jF-8144
_z-- Enc. hol.
856 _uhttp://bibliotecadigitalhispanica.bne.es:80/webclient/DeliveryManager?pid=3122623&custom_att_2=simple_viewer
_zIr a la página
999 _c160118
_d160118